[Event "2. BUNDESLIGA MITTE 2018/2019"]
[Site "Grieskirchen, Friedberg/Sauwald, St. Veit, Deutschlandsberg"]
[Date "2019.03.03"]
[Round "11"]
[Board "3"]
[White "Testor, Sebastian"]
[Black "Genser, Harald"]
[Result "1/2-1/2"]
[WhiteElo "2293"]
[BlackElo "2274"]
[PlyCount "82"]
[EventDate "2018.10.19"]
[EventType "team"]
[EventRounds "11"]
[EventCountry "AUT"]
[WhiteTeam "SPG Sauwald"]
[BlackTeam "SC Die Klagenfurter"]

1.d4 d5 2.c4 e6 3.Nf3 Nf6 4.e3 a6 5.b3 Nbd7 6.Nbd2 b6 7.Bd3 Bb7 8.O-O Be7 9.Bb2 O-O
10.Rc1 c5 11.Qe2 Qb8 12.cxd5 Nxd5 13.Nc4 cxd4 14.Bxd4 Bf6 15.Bxf6 N5xf6 16.Rfd1 Rd8
17.b4 Bd5 18.e4 Bxc4 19.Bxc4 b5 20.Bb3 Nb6 21.e5 Rxd1+ 22.Qxd1 Nfd5 23.Qd4 Qf8 24.Rc5
Rc8 25.Bxd5 Nxd5 26.g3 h6 27.Nd2 Rxc5 28.bxc5 Qe8 29.Ne4 Qc6 30.f4 b4 31.Qc4 a5 32.Kf2
a4 33.Nd2 Kf8 34.Nf3 Nc3 35.Qxb4 Ne4+ 36.Ke3 Nxc5 37.Nd2 Kg8 38.Ne4 Nxe4 39.Qxe4 Qc1+
40.Kf2 Qb2+ 41.Qe2 Qd4+ 1/2-1/2

[Event "2. BUNDESLIGA MITTE 2018/2019"]
[Site "Grieskirchen, Friedberg/Sauwald, St. Veit, Deutschlandsberg"]
[Date "2019.03.03"]
[Round "11"]
[Board "4"]
[White "Petschar, Kurt"]
[Black "Taggatz, Mario"]
[Result "1/2-1/2"]
[WhiteElo "2239"]
[BlackElo "2210"]
[PlyCount "59"]
[EventDate "2018.10.19"]
[EventType "team"]
[EventRounds "11"]
[EventCountry "AUT"]
[WhiteTeam "SC Die Klagenfurter"]
[BlackTeam "SPG Sauwald"]

1.c4 e6 2.d4 d5 3.Nf3 Nf6 4.cxd5 exd5 5.Bg5 c6 6.Nc3 Be7 7.Qc2 g6 8.e3 Bf5 9.Bd3 Bxd3
10.Qxd3 Nbd7 11.O-O O-O 12.h3 Re8 13.Rfe1 Ne4 14.Bxe7 Qxe7 15.Qc2 Nb6 16.Ne5 f6 17.Nd3
Nc4 18.Nxe4 Qxe4 19.Rac1 Re7 20.Nc5 Qxc2 21.Rxc2 Kf7 22.b3 Nd6 23.Rec1 h5 24.h4 Rg8
25.g3 Nf5 26.Rd2 Nd6 27.Kf1 Rge8 28.Kg2 Rg8 29.Rh1 Rge8 30.Rb2 1/2-1/2

[Event "2. BUNDESLIGA MITTE 2018/2019"]
[Site "Grieskirchen, Friedberg/Sauwald, St. Veit, Deutschlandsberg"]
[Date "2019.03.03"]
[Round "11"]
[Board "5"]
[White "Hiermann, Dietmar"]
[Black "Jakits, Leopold"]
[Result "1-0"]
[WhiteElo "2203"]
[BlackElo "2175"]
[PlyCount "63"]
[EventDate "2018.10.19"]
[EventType "team"]
[EventRounds "11"]
[EventCountry "AUT"]
[WhiteTeam "SPG Sauwald"]
[BlackTeam "SC Die Klagenfurter"]

1.e4 c6 2.Nc3 d5 3.Nf3 Bg4 4.h3 Bxf3 5.Qxf3 d4 6.Ne2 e6 7.Qb3 Qd7 8.f4 Be7 9.g3 Na6
10.Ng1 Nc5 11.Qf3 d3 12.Bxd3 Nf6 13.e5 Nxd3+ 14.Qxd3 Qxd3 15.cxd3 Nh5 16.Ne2 O-O-O
17.d4 g5 18.fxg5 Bxg5 19.d3 Rhg8 20.Bxg5 Rxg5 21.g4 Ng7 22.Rf1 h5 23.Rxf7 hxg4 24.h4
Rg6 25.Nf4 Rh6 26.Rxg7 Rxh4 27.O-O-O Rxd4 28.Nxe6 Rd5 29.Rf1 Rh8 30.d4 Ra5 31.a3 Re8
32.Rff7 1-0

[Event "2. BUNDESLIGA MITTE 2018/2019"]
[Site "Grieskirchen, Friedberg/Sauwald, St. Veit, Deutschlandsberg"]
[Date "2019.03.03"]
[Round "11"]
[Board "6"]
[White "Opietnik, Christoph"]
[Black "Hellmayr, Alois"]
[Result "0-1"]
[WhiteElo "2081"]
[BlackElo "2283"]
[PlyCount "82"]
[EventDate "2018.10.19"]
[EventType "team"]
[EventRounds "11"]
[EventCountry "AUT"]
[WhiteTeam "SC Die Klagenfurter"]
[BlackTeam "SPG Sauwald"]

1.e4 c5 2.Nf3 Nc6 3.Bb5 g6 4.O-O Bg7 5.Re1 e5 6.Nc3 Nge7 7.d3 O-O 8.Bg5 h6 9.Be3 d6
10.Ne2 f5 11.c3 f4 12.Bc1 g5 13.h3 Qe8 14.d4 Qg6 15.Bxc6 bxc6 16.dxc5 dxc5 17.Kh1
h5 18.Nh2 g4 19.Ng1 Rb8 20.b3 f3 21.gxf3 gxh3 22.Nxh3 Bxh3 23.Rg1 Qe6 24.Be3 Rf6 25.Bxc5
Ng6 26.Bxa7 Rbf8 27.Be3 Nf4 28.Bxf4 exf4 29.a4 Rg6 30.Qc2 Rff6 31.a5 Rxg1+ 32.Rxg1
Rg6 33.Qd1 Rxg1+ 34.Qxg1 Qxb3 35.a6 Qa4 36.Nf1 Qxa6 37.Nd2 Qe2 38.Qg6 Bd7 39.Qd6 Be8
40.Qxf4 Qxf2 41.e5 Qe1+ 0-1

[Event "2. BUNDESLIGA MITTE 2018/2019"]
[Site "Grieskirchen, Friedberg/Sauwald, St. Veit, Deutschlandsberg"]
[Date "2019.03.03"]
[Round "11"]
[Board "1"]
[White "Nemeth, Miklos"]
[Black "Gajek, Radoslaw"]
[Result "0-1"]
[WhiteElo "2491"]
[BlackElo "2446"]
[PlyCount "94"]
[EventDate "2018.10.19"]
[EventType "team"]
[EventRounds "11"]
[EventCountry "AUT"]
[WhiteTeam "SV Steyregg"]
[BlackTeam "Schachfreunde Graz"]

1.e4 c5 2.Nf3 d6 3.d4 cxd4 4.Qxd4 Nc6 5.Bb5 Bd7 6.Qd3 Nf6 7.Nc3 g6 8.Bg5 Bg7 9.O-O-O
Ng4 10.Rhf1 Qa5 11.h3 Bxc3 12.Bxc6 Bxc6 13.hxg4 Bg7 14.Qb3 Rc8 15.Rd2 h5 16.Be3 Qb5
17.Qxb5 Bxb5 18.Re1 hxg4 19.Nd4 Bd7 20.Kb1 Rh5 21.Ne2 a6 22.b3 Bc6 23.f3 gxf3 24.gxf3
Rh2 25.Nf4 Rxd2 26.Bxd2 Kd7 27.Nd5 Rh8 28.Kc1 Rh2 29.Rf1 b5 30.Nb4 Bb7 31.Nd3 Bd4
32.c3 Bb6 33.a3 e5 34.c4 bxc4 35.bxc4 Bd4 36.Ne1 f5 37.Nc2 Bb6 38.exf5 gxf5 39.f4
Be4 40.Ne3 exf4 41.Rxf4 Rh1+ 42.Kb2 Bd4+ 43.Ka2 Ra1+ 44.Kb3 Rb1+ 45.Ka4 Bc6+ 46.Ka5
Bb6+ 47.Kxa6 Bb7+ 0-1

[Event "2. BUNDESLIGA MITTE 2018/2019"]
[Site "Grieskirchen, Friedberg/Sauwald, St. Veit, Deutschlandsberg"]
[Date "2019.03.03"]
[Round "11"]
[Board "2"]
[White "Huber, Martin Christian"]
[Black "Kovacs, Gabor"]
[Result "1/2-1/2"]
[WhiteElo "2325"]
[BlackElo "2457"]
[PlyCount "79"]
[EventDate "2018.10.19"]
[EventType "team"]
[EventRounds "11"]
[EventCountry "AUT"]
[WhiteTeam "Schachfreunde Graz"]
[BlackTeam "SV Steyregg"]

1.d4 d5 2.c4 e6 3.Nc3 Be7 4.cxd5 exd5 5.Bf4 c6 6.e3 Bd6 7.Qf3 Nf6 8.h3 Bxf4 9.Qxf4
Nbd7 10.Bd3 Nf8 11.g4 Ne6 12.Qg3 c5 13.Nge2 cxd4 14.exd4 O-O 15.h4 Bd7 16.f4 Qb6 17.O-O-O
Rac8 18.Kb1 Rfe8 19.Ka1 Qd6 20.Rhg1 Nc7 21.Qf3 Bc6 22.Ng3 Ne4 23.Ngxe4 dxe4 24.Bxe4
Bxe4 25.Nxe4 Qd5 26.Rge1 Rcd8 27.f5 Kf8 28.g5 Nb5 29.g6 hxg6 30.fxg6 Nd6 31.Ng5 Qxf3
32.Nxf3 Rxe1 33.Rxe1 fxg6 34.Kb1 Nf5 35.Re4 Re8 36.Rf4 Kf7 37.h5 Kf6 38.Nh4 Kg5 39.Nxg6
Kxh5 40.Rxf5+ 1/2-1/2

[Event "2. BUNDESLIGA MITTE 2018/2019"]
[Site "Grieskirchen, Friedberg/Sauwald, St. Veit, Deutschlandsberg"]
[Date "2019.03.03"]
[Round "11"]
[Board "3"]
[White "Velicka, Petr"]
[Black "Kravanja, Georg"]
[Result "1-0"]
[WhiteElo "2430"]
[BlackElo "2284"]
[PlyCount "113"]
[EventDate "2018.10.19"]
[EventType "team"]
[EventRounds "11"]
[EventCountry "AUT"]
[WhiteTeam "SV Steyregg"]
[BlackTeam "Schachfreunde Graz"]

1.e4 c6 2.d4 d5 3.Nc3 dxe4 4.Nxe4 Bf5 5.Ng3 Bg6 6.h4 h6 7.Nf3 Nd7 8.h5 Bh7 9.Bd3 Bxd3
10.Qxd3 e6 11.Bd2 Ngf6 12.O-O-O Be7 13.Kb1 O-O 14.Ne4 Nxe4 15.Qxe4 Nf6 16.Qe2 Qd5
17.Be3 b5 18.Ne5 Nd7 19.f4 Rad8 20.Bc1 Nxe5 21.dxe5 Qc5 22.Be3 Qb4 23.Qf3 Rd5 24.Rxd5
cxd5 25.Rd1 Rc8 26.Bd4 Bc5 27.c3 Qa4 28.f5 exf5 29.b3 Qa6 30.Qxd5 Bxd4 31.cxd4 b4
32.Qd7 Qe6 33.Qxe6 fxe6 34.Rc1 Rxc1+ 35.Kxc1 g5 36.hxg6 Kg7 37.Kd2 Kxg6 38.Kd3 h5
39.d5 exd5 40.Kd4 f4 41.Kxd5 f3 42.gxf3 h4 43.e6 h3 44.Kd6 h2 45.e7 Kf7 46.Kd7 h1=Q
47.e8=Q+ Kf6 48.Qe7+ Kg6 49.Qe4+ Kf7 50.Qf4+ Kg6 51.Ke6 Qd1 52.Qg4+ Kh7 53.Qh5+ Kg7
54.Qg5+ Kh7 55.f4 Qf3 56.Kf7 Qb7+ 57.Qe7 1-0

[Event "2. BUNDESLIGA MITTE 2018/2019"]
[Site "Grieskirchen, Friedberg/Sauwald, St. Veit, Deutschlandsberg"]
[Date "2019.03.03"]
[Round "11"]
[Board "4"]
[White "Jusic, Zdenko"]
[Black "Enoeckl, Philipp"]
[Result "1-0"]
[WhiteElo "2259"]
[BlackElo "2291"]
[PlyCount "73"]
[EventDate "2018.10.19"]
[EventType "team"]
[EventRounds "11"]
[EventCountry "AUT"]
[WhiteTeam "Schachfreunde Graz"]
[BlackTeam "SV Steyregg"]

1.e4 e6 2.Qe2 c5 3.g3 Nc6 4.Bg2 Nge7 5.f4 d5 6.d3 g6 7.Nf3 Bg7 8.c3 O-O 9.Na3 Rb8
10.Nc2 b5 11.Be3 b4 12.Bxc5 bxc3 13.b4 a5 14.a3 Ba6 15.e5 f6 16.O-O fxe5 17.Nxe5 Nxe5
18.fxe5 Rxf1+ 19.Rxf1 Nc6 20.Bd6 axb4 21.axb4 Rb7 22.Bh3 Qe8 23.Qe3 h6 24.Ra1 Bb5
25.d4 g5 26.Na3 g4 27.Bg2 Qg6 28.Nxb5 Rxb5 29.Ra8+ Kh7 30.Bf1 c2 31.Bxb5 Nxd4 32.Bf1
h5 33.Rc8 Nf3+ 34.Kf2 Bh6 35.Rc7+ Kg8 36.Qa3 Qf7 37.Qa8+ 1-0

[Event "2. BUNDESLIGA MITTE 2018/2019"]
[Site "Grieskirchen, Friedberg/Sauwald, St. Veit, Deutschlandsberg"]
[Date "2019.03.03"]
[Round "11"]
[Board "5"]
[White "Meyer, Gordon"]
[Black "Teuschler, Barbara"]
[Result "1-0"]
[WhiteElo "2206"]
[BlackElo "2203"]
[PlyCount "41"]
[EventDate "2018.10.19"]
[EventType "team"]
[EventRounds "11"]
[EventCountry "AUT"]
[WhiteTeam "SV Steyregg"]
[BlackTeam "Schachfreunde Graz"]

1.e4 e5 2.Bc4 Nf6 3.d3 c6 4.Nf3 d5 5.Bb3 Bb4+ 6.Bd2 Bxd2+ 7.Nbxd2 Nbd7 8.O-O O-O 9.Re1
Re8 10.d4 exd4 11.exd5 Rxe1+ 12.Qxe1 Nc5 13.dxc6 bxc6 14.Qe5 Nxb3 15.Nxb3 d3 16.Rd1
Nd7 17.Qc3 dxc2 18.Qxc2 Qc7 19.Ng5 Nf6 20.Ne4 Nxe4 21.Qxc6 1-0

[Event "2. BUNDESLIGA MITTE 2018/2019"]
[Site "Grieskirchen, Friedberg/Sauwald, St. Veit, Deutschlandsberg"]
[Date "2019.03.03"]
[Round "11"]
[Board "6"]
[White "Eder, Matthias"]
[Black "Wiesinger, Robert"]
[Result "1/2-1/2"]
[WhiteElo "2166"]
[BlackElo "2233"]
[PlyCount "34"]
[EventDate "2018.10.19"]
[EventType "team"]
[EventRounds "11"]
[EventCountry "AUT"]
[WhiteTeam "Schachfreunde Graz"]
[BlackTeam "SV Steyregg"]

1.d4 d5 2.c4 dxc4 3.e4 Nc6 4.Nf3 Nf6 5.e5 Nd5 6.Bxc4 Nb6 7.Bb5 Bf5 8.Bxc6+ bxc6 9.O-O
e6 10.Be3 Be7 11.Qe2 Qd5 12.Rc1 a5 13.Nbd2 a4 14.Rc3 Bb4 15.Rcc1 Be7 16.Rc3 Bb4 17.Rcc1
Be7 1/2-1/2

[Event "2. BUNDESLIGA MITTE 2018/2019"]
[Site "Grieskirchen, Friedberg/Sauwald, St. Veit, Deutschlandsberg"]
[Date "2019.03.03"]
[Round "11"]
[Board "1"]
[White "Flumbort, Andras"]
[Black "Schachinger, Mario"]
[Result "1/2-1/2"]
[WhiteElo "2452"]
[BlackElo "2396"]
[PlyCount "60"]
[EventDate "2018.10.19"]
[EventType "team"]
[EventRounds "11"]
[EventCountry "AUT"]
[WhiteTeam "ASK St.Valentin"]
[BlackTeam "Frauental"]

1.d4 Nf6 2.c4 e6 3.Nf3 c5 4.Nc3 cxd4 5.Nxd4 Nc6 6.g3 Qb6 7.Ndb5 Ne5 8.Bg2 a6 9.Qa4
Rb8 10.Na3 Bxa3 11.Qxa3 Nxc4 12.Qa4 Qc5 13.O-O b5 14.Qd1 Bb7 15.e4 O-O 16.b3 Ne5 17.Bb2
d6 18.Qd2 Rfd8 19.Rac1 Qb6 20.Rfd1 h6 21.Nd5 Bxd5 22.exd5 Nxd5 23.Bxd5 exd5 24.Qxd5
Rbc8 25.Rxc8 Rxc8 26.Bxe5 dxe5 27.Qxe5 Qc6 28.Qe7 Re8 29.Rd8 Rxd8 30.Qxd8+ Kh7 1/2-1/2

[Event "2. BUNDESLIGA MITTE 2018/2019"]
[Site "Grieskirchen, Friedberg/Sauwald, St. Veit, Deutschlandsberg"]
[Date "2019.03.03"]
[Round "11"]
[Board "2"]
[White "Mohr, Georg"]
[Black "Sandhoefner, Florian"]
[Result "1/2-1/2"]
[WhiteElo "2449"]
[BlackElo "2310"]
[PlyCount "100"]
[EventDate "2018.10.19"]
[EventType "team"]
[EventRounds "11"]
[EventCountry "AUT"]
[WhiteTeam "Frauental"]
[BlackTeam "ASK St.Valentin"]

1.e4 c5 2.Nf3 d6 3.d4 cxd4 4.Nxd4 Nf6 5.f3 e6 6.c4 Be7 7.Nc3 O-O 8.Be3 Nc6 9.Be2 d5
10.Nxc6 bxc6 11.exd5 cxd5 12.cxd5 Nxd5 13.Nxd5 exd5 14.O-O a5 15.Bd4 Bd6 16.Rf2 Rb8
17.g3 Re8 18.Rc1 Be5 19.Bf1 Bxd4 20.Qxd4 Be6 21.a3 g6 22.b4 axb4 23.axb4 Qb6 24.Qxb6
Rxb6 25.b5 Reb8 26.Rc7 Kf8 27.Ra2 R6b7 28.Ra7 Rxa7 29.Rxa7 Ke8 30.Kf2 Bd7 31.Ra2 d4
32.Ra4 Rb7 33.Rb4 Ke7 34.b6 Bc6 35.Ba6 Rb8 36.b7 Kd6 37.Rxd4+ Kc5 38.Rd2 Kb6 39.Bc4
Rxb7 40.Rb2+ Kc5 41.Rxb7 Bxb7 42.Bxf7 Kd6 43.h4 Ke7 44.Bc4 Kf6 45.Bd3 h6 46.Be4 Ba6
47.Ke3 g5 48.h5 Bb5 49.Kd4 Be8 50.g4 Kg7 1/2-1/2

[Event "2. BUNDESLIGA MITTE 2018/2019"]
[Site "Grieskirchen, Friedberg/Sauwald, St. Veit, Deutschlandsberg"]
[Date "2019.03.03"]
[Round "11"]
[Board "3"]
[White "Hajnal, Zoltan"]
[Black "Steiner, Stefan"]
[Result "1-0"]
[WhiteElo "2402"]
[BlackElo "2319"]
[PlyCount "67"]
[EventDate "2018.10.19"]
[EventType "team"]
[EventRounds "11"]
[EventCountry "AUT"]
[WhiteTeam "ASK St.Valentin"]
[BlackTeam "Frauental"]

1.e4 e6 2.d4 d5 3.Nc3 Nf6 4.Bg5 dxe4 5.Nxe4 Nbd7 6.Nf3 Be7 7.Nxf6+ Bxf6 8.Qd2 h6 9.Be3
Qe7 10.O-O-O Nb6 11.c4 Bd7 12.h4 a5 13.Kb1 Qb4 14.Qc2 Ba4 15.b3 Bc6 16.Bd2 Qa3 17.Bc1
Qb4 18.a3 Qe7 19.d5 Bd7 20.Ka2 a4 21.b4 exd5 22.cxd5 O-O 23.Be3 Nxd5 24.Rxd5 Be6 25.Bc4
Bxd5 26.Bxd5 c6 27.Bc4 Rfe8 28.Kb1 Rad8 29.Bb6 Rd7 30.Qxa4 Qe4+ 31.Qc2 Qg4 32.Rg1
Ra8 33.Ka2 Bxh4 34.Ne5 1-0

[Event "2. BUNDESLIGA MITTE 2018/2019"]
[Site "Grieskirchen, Friedberg/Sauwald, St. Veit, Deutschlandsberg"]
[Date "2019.03.03"]
[Round "11"]
[Board "4"]
[White "Ebner, Hubert"]
[Black "Theuretzbacher, Klaus"]
[Result "1/2-1/2"]
[WhiteElo "2243"]
[BlackElo "2166"]
[PlyCount "61"]
[EventDate "2018.10.19"]
[EventType "team"]
[EventRounds "11"]
[EventCountry "AUT"]
[WhiteTeam "Frauental"]
[BlackTeam "ASK St.Valentin"]

1.Nf3 Nf6 2.c4 c5 3.Nc3 e6 4.g3 b6 5.Bg2 Bb7 6.O-O d6 7.d4 cxd4 8.Qxd4 a6 9.Rd1 Qc7
10.b3 Nbd7 11.e4 Be7 12.Ba3 Nc5 13.e5 dxe5 14.Qxe5 Rc8 15.Qxc7 Rxc7 16.Ne5 Bxg2 17.Kxg2
Nfd7 18.Nxd7 Rxd7 19.Bxc5 Bxc5 20.Rac1 Ba3 21.Rb1 Rxd1 22.Rxd1 Ke7 23.Na4 Rb8 24.Rd3
Bb4 25.Kf3 Rb7 26.h3 h5 27.h4 g6 28.Ke2 Rb8 29.Kf3 Rb7 30.Ke2 Rb8 31.Kf3 1/2-1/2

[Event "2. BUNDESLIGA MITTE 2018/2019"]
[Site "Grieskirchen, Friedberg/Sauwald, St. Veit, Deutschlandsberg"]
[Date "2019.03.03"]
[Round "11"]
[Board "5"]
[White "Heimberger, Reinhard"]
[Black "Supancic, Darko"]
[Result "1/2-1/2"]
[WhiteElo "2235"]
[BlackElo "2295"]
[PlyCount "62"]
[EventDate "2018.10.19"]
[EventType "team"]
[EventRounds "11"]
[EventCountry "AUT"]
[WhiteTeam "ASK St.Valentin"]
[BlackTeam "Frauental"]

1.d4 Nf6 2.g3 g6 3.Bg2 Bg7 4.e4 d6 5.Ne2 c5 6.O-O cxd4 7.Nxd4 O-O 8.b3 Nc6 9.Bb2 Bd7
10.c4 a6 11.Nc3 Rc8 12.Nc2 b5 13.cxb5 axb5 14.Nxb5 h5 15.Ne3 Ng4 16.Bxg7 Nxe3 17.Qd3
Nxg2 18.Bxf8 Ne5 19.Bxe7 Qxe7 20.Qxd6 Qg5 21.Kxg2 Bxb5 22.Rfe1 h4 23.Qd1 hxg3 24.hxg3
Rd8 25.Qc1 Rd2 26.Qc8+ Kg7 27.Qc3 Rd3 28.Qb2 Rd2 29.Qc3 Rd3 30.Qb2 Rd2 31.Qc3 Be2 1/2-1/2

[Event "2. BUNDESLIGA MITTE 2018/2019"]
[Site "Grieskirchen, Friedberg/Sauwald, St. Veit, Deutschlandsberg"]
[Date "2019.03.03"]
[Round "11"]
[Board "6"]
[White "Krebs, Johann"]
[Black "Weilguni, Johann"]
[Result "1-0"]
[WhiteElo "2196"]
[BlackElo "2140"]
[PlyCount "81"]
[EventDate "2018.10.19"]
[EventType "team"]
[EventRounds "11"]
[EventCountry "AUT"]
[WhiteTeam "Frauental"]
[BlackTeam "ASK St.Valentin"]

1.d4 d5 2.c4 c6 3.Nf3 Nf6 4.Qc2 e6 5.Bg5 Nbd7 6.cxd5 exd5 7.Nc3 Be7 8.e3 O-O 9.Bd3
Re8 10.O-O Nf8 11.Rab1 Ng6 12.Nh4 Nxh4 13.Bxh4 Ne4 14.Bxe7 Qxe7 15.Bxe4 dxe4 16.Rfc1
b6 17.b4 Ba6 18.b5 cxb5 19.Nxb5 Rac8 20.Qa4 Bxb5 21.Qxb5 g6 22.h3 Red8 23.Rc4 Rxc4
24.Qxc4 Qd7 25.Rc1 h5 26.Qc7 Kf8 27.Rc2 Qe7 28.Qf4 Rd7 29.Rc8+ Kg7 30.Qb8 Qd6 31.Qxd6
Rxd6 32.Kf1 Kf6 33.Ke2 Rd7 34.Rc6+ Ke7 35.f3 exf3+ 36.gxf3 Rb7 37.d5 a5 38.Kd3 b5
39.Ra6 a4 40.Kd4 Rc7 41.d6+ 1-0

[Event "2. BUNDESLIGA MITTE 2018/2019"]
[Site "Grieskirchen, Friedberg/Sauwald, St. Veit, Deutschlandsberg"]
[Date "2019.03.03"]
[Round "11"]
[Board "1"]
[White "Halvax, Georg"]
[Black "Hera, Imre"]
[Result "0-1"]
[WhiteElo "2421"]
[BlackElo "2605"]
[PlyCount "82"]
[EventDate "2018.10.19"]
[EventType "team"]
[EventRounds "11"]
[EventCountry "AUT"]
[WhiteTeam "SC MPOE Maria Saal II"]
[BlackTeam "SPG Fuerstenfeld/Hartberg"]

1.d4 Nf6 2.c4 e6 3.Nf3 d5 4.Nc3 Be7 5.Bf4 O-O 6.a3 b6 7.e3 c5 8.dxc5 bxc5 9.Bd3 Nbd7
10.O-O Nb6 11.cxd5 exd5 12.Qc2 h6 13.b4 c4 14.Bf5 Bxf5 15.Qxf5 a5 16.b5 Bd6 17.Bxd6
Qxd6 18.Rfd1 Rfe8 19.Rd4 Rad8 20.h3 Qe6 21.Qxe6 fxe6 22.Ne5 Nfd7 23.Nc6 Ra8 24.Rad1
Nc5 25.Ne5 Nba4 26.Ne2 Rab8 27.Rb1 Nb3 28.Rg4 Rxb5 29.Ng3 Re7 30.Nh5 Rc7 31.Nf6+ Kf8
32.Nfd7+ Ke7 33.Rxg7+ Kd6 34.Re1 Nb6 35.e4 Nxd7 36.Nf7+ Kc5 37.exd5 exd5 38.Nd8 Nd4
39.Rg4 Rb8 40.Rg8 c3 41.Rc1 Ne2+ 0-1

[Event "2. BUNDESLIGA MITTE 2018/2019"]
[Site "Grieskirchen, Friedberg/Sauwald, St. Veit, Deutschlandsberg"]
[Date "2019.03.03"]
[Round "11"]
[Board "2"]
[White "Korpa, Bence"]
[Black "Handler, Lukas"]
[Result "1-0"]
[WhiteElo "2503"]
[BlackElo "2415"]
[PlyCount "61"]
[EventDate "2018.10.19"]
[EventType "team"]
[EventRounds "11"]
[EventCountry "AUT"]
[WhiteTeam "SPG Fuerstenfeld/Hartberg"]
[BlackTeam "SC MPOE Maria Saal II"]

1.Nf3 Nf6 2.g3 d5 3.Bg2 e6 4.d3 Be7 5.Nbd2 O-O 6.e4 b6 7.e5 Nfd7 8.O-O c5 9.Re1 Nc6
10.Nf1 Qc7 11.Bf4 Rd8 12.h4 Nf8 13.h5 Bd7 14.N1h2 c4 15.d4 c3 16.b3 a5 17.Ng4 a4 18.Nf6+
gxf6 19.exf6 Bd6 20.Ne5 Nxe5 21.dxe5 Bc5 22.b4 Bxb4 23.Qg4+ Ng6 24.hxg6 fxg6 25.Bxd5
Rac8 26.Bg5 Re8 27.Qh4 h5 28.Be4 Kf7 29.Bxg6+ Kxg6 30.Bc1 Rg8 31.Qe4+ 1-0

[Event "2. BUNDESLIGA MITTE 2018/2019"]
[Site "Grieskirchen, Friedberg/Sauwald, St. Veit, Deutschlandsberg"]
[Date "2019.03.03"]
[Round "11"]
[Board "3"]
[White "Tratar, Marko"]
[Black "Poetz, Florian"]
[Result "1/2-1/2"]
[WhiteElo "2455"]
[BlackElo "2387"]
[PlyCount "73"]
[EventDate "2018.10.19"]
[EventType "team"]
[EventRounds "11"]
[EventCountry "AUT"]
[WhiteTeam "SC MPOE Maria Saal II"]
[BlackTeam "SPG Fuerstenfeld/Hartberg"]

1.Nf3 c5 2.c4 g6 3.e4 Bg7 4.d4 d6 5.Nc3 Bg4 6.d5 Bxc3+ 7.bxc3 Qa5 8.Qb3 Bxf3 9.gxf3
Nd7 10.Rb1 Ngf6 11.Bh6 Rg8 12.h4 Nb6 13.Be2 O-O-O 14.Kd2 Rde8 15.Rb2 e5 16.Qb5 Qxb5
17.Rxb5 Nh5 18.Rhb1 Kc7 19.Ke3 f6 20.a4 Rb8 21.a5 Nd7 22.f4 exf4+ 23.Bxf4 Nxf4 24.Kxf4
b6 25.axb6+ axb6 26.Ra1 Ra8 27.Rxa8 Rxa8 28.Rb1 Ra3 29.Rc1 Ra4 30.h5 Ne5 31.hxg6 hxg6
32.Rg1 Kd8 33.Ke3 g5 34.Rb1 Nxc4+ 35.Bxc4 Rxc4 36.Kd3 Ra4 37.Rxb6 1/2-1/2

[Event "2. BUNDESLIGA MITTE 2018/2019"]
[Site "Grieskirchen, Friedberg/Sauwald, St. Veit, Deutschlandsberg"]
[Date "2019.03.03"]
[Round "11"]
[Board "4"]
[White "Csonka, Attila"]
[Black "Rieger, Robert"]
[Result "1/2-1/2"]
[WhiteElo "2375"]
[BlackElo "2297"]
[PlyCount "73"]
[EventDate "2018.10.19"]
[EventType "team"]
[EventRounds "11"]
[EventCountry "AUT"]
[WhiteTeam "SPG Fuerstenfeld/Hartberg"]
[BlackTeam "SC MPOE Maria Saal II"]

1.e4 c5 2.Nf3 Nc6 3.d4 cxd4 4.Nxd4 Nf6 5.Nc3 e5 6.Ndb5 d6 7.Bg5 a6 8.Na3 b5 9.Nd5
Qa5+ 10.Bd2 Qd8 11.Nxf6+ Qxf6 12.Bd3 Be7 13.O-O O-O 14.c4 Nd4 15.Be3 b4 16.Nc2 Nc6
17.a3 bxa3 18.b4 Rb8 19.b5 axb5 20.cxb5 Nd4 21.Bxd4 exd4 22.Nxa3 Bb7 23.Re1 Rfc8 24.Nc2
Bd8 25.Re2 g6 26.Nb4 Bb6 27.h3 Qg5 28.Qd2 Qxd2 29.Rxd2 Rc3 30.Ra4 Rbc8 31.Nd5 Bxd5
32.exd5 R3c5 33.Ra6 Rb8 34.Rda2 Kg7 35.Kf1 f5 36.Ra8 Rb7 37.g4 1/2-1/2

[Event "2. BUNDESLIGA MITTE 2018/2019"]
[Site "Grieskirchen, Friedberg/Sauwald, St. Veit, Deutschlandsberg"]
[Date "2019.03.03"]
[Round "11"]
[Board "5"]
[White "Tomazini, Zan"]
[Black "Kuba, Guenter"]
[Result "0-1"]
[WhiteElo "2431"]
[BlackElo "2329"]
[PlyCount "80"]
[EventDate "2018.10.19"]
[EventType "team"]
[EventRounds "11"]
[EventCountry "AUT"]
[WhiteTeam "SC MPOE Maria Saal II"]
[BlackTeam "SPG Fuerstenfeld/Hartberg"]

1.e4 e5 2.Nf3 Nc6 3.Bc4 Bc5 4.d3 Nf6 5.Bb3 a6 6.h3 d6 7.c3 h6 8.Nbd2 Be6 9.Bc2 Qd7
10.Qe2 Ba7 11.Nf1 b5 12.Be3 d5 13.Bxa7 Rxa7 14.Ng3 O-O 15.a4 Raa8 16.d4 Nxe4 17.Nxe4
dxe4 18.Nxe5 Nxe5 19.dxe5 f5 20.exf6 Bc4 21.Qe3 Rxf6 22.Rd1 Qf7 23.Bxe4 Re8 24.f3
Qg6 25.Rd2 Qg3+ 26.Kd1 Rfe6 27.Qc5 Bb3+ 28.Kc1 bxa4 29.Qf5 Rxe4 30.fxe4 a3 31.Kb1
Qe3 32.Qd7 Qxe4+ 33.Qd3 Qe1+ 34.Rd1 Qf2 35.Qd2 Re2 36.Qd8+ Kh7 37.Qd3+ Kh8 38.Rhf1
Rxb2+ 39.Kc1 Rc2+ 40.Kb1 Rc1+ 0-1

[Event "2. BUNDESLIGA MITTE 2018/2019"]
[Site "Grieskirchen, Friedberg/Sauwald, St. Veit, Deutschlandsberg"]
[Date "2019.03.03"]
[Round "11"]
[Board "6"]
[White "Postl, Anton"]
[Black "Hartl, Daniel"]
[Result "1-0"]
[WhiteElo "2288"]
[BlackElo "2271"]
[PlyCount "93"]
[EventDate "2018.10.19"]
[EventType "team"]
[EventRounds "11"]
[EventCountry "AUT"]
[WhiteTeam "SPG Fuerstenfeld/Hartberg"]
[BlackTeam "SC MPOE Maria Saal II"]

1.d4 d5 2.c4 c6 3.Nc3 dxc4 4.e4 b5 5.a4 b4 6.Na2 e6 7.Bxc4 Nf6 8.e5 Nd5 9.Nf3 Bb7
10.Bd2 a5 11.Nc1 Nb6 12.Bd3 c5 13.Bb5+ N8d7 14.Nb3 c4 15.Nc5 Qc7 16.Nxb7 Qxb7 17.O-O
Rc8 18.Rc1 Be7 19.Qe2 Qd5 20.Bg5 f6 21.exf6 gxf6 22.Bf4 Kf7 23.Nd2 Rhg8 24.Bg3 Qxd4
25.Nxc4 Nxc4 26.Bxc4 Nc5 27.Rfe1 Rc6 28.h3 Qd8 29.Bb5 Rc8 30.Rc4 Qd5 31.Rd1 Qf5 32.Rdc1
Rcd8 33.Rh4 Rg7 34.Bc4 Kg8 35.Rh5 Rg5 36.Rxg5+ fxg5 37.Bc7 Ra8 38.Re1 Bf6 39.g4 Qg6
40.Qe3 Nxa4 41.Qxe6+ Kh8 42.Qc6 Rc8 43.Qxa4 Rxc7 44.Re8+ Kg7 45.Rg8+ Kh6 46.Rxg6+
hxg6 47.b3 1-0

[Event "2. BUNDESLIGA MITTE 2018/2019"]
[Site "Grieskirchen, Friedberg/Sauwald, St. Veit, Deutschlandsberg"]
[Date "2019.03.03"]
[Round "11"]
[Board "1"]
[White "Schwabeneder, Florian"]
[Black "Horvath, Adam"]
[Result "0-1"]
[WhiteElo "2430"]
[BlackElo "2520"]
[PlyCount "130"]
[EventDate "2018.10.19"]
[EventType "team"]
[EventRounds "11"]
[EventCountry "AUT"]
[WhiteTeam "SPK Grieskirchen/Schallerbach"]
[BlackTeam "EJ Gleisdorf"]

1.e4 c5 2.Nf3 Nc6 3.Bb5 g6 4.O-O Bg7 5.c3 Nf6 6.Re1 O-O 7.h3 Qb6 8.Ba4 Rd8 9.d3 d5
10.Nbd2 Qa6 11.Bc2 b5 12.e5 Nd7 13.d4 cxd4 14.cxd4 Qb6 15.Nf1 Nf8 16.Be3 a5 17.Qd2
Ne6 18.Ng3 b4 19.Ne2 a4 20.h4 Bd7 21.h5 b3 22.axb3 axb3 23.Rxa8 Rxa8 24.Bd3 Nb4 25.hxg6
hxg6 26.Bb1 Ra1 27.Bh6 Nc2 28.Bxc2 Bxh6 29.Qxh6 Rxe1+ 30.Nxe1 bxc2 31.Nxc2 Qxb2 32.Qc1
Qa2 33.Nc3 Qb3 34.Nd1 Ba4 35.Nde3 Nf4 36.Kh2 Qd3 37.g3 Ne2 38.Qb2 Qe4 39.Qb8+ Kg7
40.Qc7 Qf3 41.Nd1 Bxc2 42.Qxc2 Nxd4 43.Qd2 Qh5+ 44.Kg2 Qxe5 45.Nc3 e6 46.Qd3 Nc6 47.f3
Qb8 48.Qc2 Nd4 49.Qd2 Qb4 50.Ne4 Qxd2+ 51.Nxd2 Kf6 52.Kf2 Ke5 53.f4+ Kd6 54.g4 Kc5
55.Ke3 f6 56.Kd3 e5 57.fxe5 fxe5 58.Ke3 g5 59.Kd3 e4+ 60.Ke3 Nc2+ 61.Ke2 Kd4 62.Nb3+
Ke5 63.Kd2 Nd4 64.Nc5 Nf3+ 65.Ke2 d4 0-1